SPACE JAM A NEW LAGACY BASKETBALL TEAM MEMBERS(GOON VS TOON SQUAD - Statistics

General Stats
  • This quiz has been taken 33 times
  • The average score is 5 of 22
Answer Stats
Hint Answer % Correct
toon lebron James
79%
toon bugs bunny
68%
toon Lola bunny
54%
toon Daffy Duck
36%
goon/toon dom
36%
toon granny
32%
toon road runner
32%
toon porky pig
29%
goon chronos
25%
toon tweety bird
25%
goon the brow
21%
goon wet-fire
18%
goon white mamba
18%
toon foghorn leghorn
14%
toon speedy gonzales
14%
goon arachnneka
11%
toon Elmer fudd
11%
toon wile e. coyote
11%
goon algrithm
7%
toon gossamer
4%
toon selvester
0%
toon yosesamite sam
0%
No matching quizzes found
Score Distribution
Percent of People with Each Score
Percentile by Number Answered
Your Score History
You have not taken this quiz